000 00682nam#a22002415a#4500
001 40
008 050915s19801980ag#####d######001#0#spa#d
245 1 0 _aLiteratura Hispanoamericana y argentina :
_bAntología - Actividades - Evaluación /
_cMartha de Yácubsohn Fernández.
250 _a1ª ed.
260 _aBuenos Aires :
_bKapelusz,
_c1980.
300 _a144 p. ;
_c24 cm.
521 _aQuinto año del Bachiller
100 1 _aFernández, Martha de Yácubsohn.
080 _a801.61
084 _aF38 D49
653 _aLiteratura
653 _aAntología
653 _aActividades
040 _aAR-ClEAG
_cAR-ClEAG
005 20241107184622.0
003 AR-ClEAG
942 _cBK
999 _c40
_d40
980 _62
_aEvangelina Gallicchio
_82
_gEvangelina Gallicchio